The Mugwe: (Record no. 40958)

MARC details
000 -LEADER
fixed length control field 00551nam a22001577a 4500
008 - FIXED-LENGTH DATA ELEMENTS--GENERAL INFORMATION
fixed length control field 120618t xxu||||| |||| 00| 0 eng d
050 ## - LIBRARY OF CONGRESS CALL NUMBER
Classification number GN49.5
Item number .B47 1959
100 ## - MAIN ENTRY--PERSONAL NAME
Personal name Bernardi, B.
245 ## - TITLE STATEMENT
Title The Mugwe:
Remainder of title a failing prophet
Statement of responsibility, etc B. Bernardi
260 ## - PUBLICATION, DISTRIBUTION, ETC. (IMPRINT)
Place of publication, distribution, etc London
Name of publisher, distributor, etc International African Institute
Date of publication, distribution, etc 1959
300 ## - PHYSICAL DESCRIPTION
Extent xi, 211 p.;
Dimensions 18 cm.
500 ## - GENERAL NOTE
General note includes index
650 ## - SUBJECT ADDED ENTRY--TOPICAL TERM
Topical term or geographic name as entry element Cultural heroes
942 ## - ADDED ENTRY ELEMENTS (KOHA)
Source of classification or shelving scheme Library of Congress Classification
Item type Book
Holdings
Withdrawn status Lost status Source of classification or shelving scheme Damaged status Not for loan Collection code Home library Current library Shelving location Date acquired Source of acquisition Total Checkouts Full call number Barcode Date last borrowed Copy number Price effective from Koha item type
    Library of Congress Classification     Non-fiction Bishop Okullu Memorial Library (Limuru Campus) Bishop Okullu Memorial Library (Limuru Campus) General Circulation 18/06/2012 donation 5 GN49.5 .B47 1959 031886 06/06/2017 1 18/06/2012 Book